00778nam a2200181 a 450000100100000000500170001000800410002704000250006810000370009324500790013026000520020930000200026150000730028104900090035495201050036395201110046899900170057900002608520240302073950.0110301s1986 dr 000 0 spa d aDO-SdBNPbspacBNPHU1 aCassá, Roberto, d1948-91088814aLos doce años :bcontrarrevolución y desarrollismo /cRoberto Cassá. aSanto Domingo :bEditorial Alfa y Omega,c1986. a510 p. ;c21cm. aIncluye referencias bibliográficas y notas al pie de las páginas aBNPD 0010718PDaPDbPDcCTd2011-03-01iLF1l0o p26085-10r2020-06-25w2020-06-25yLFPDZNo se presta 0010718PDaPDbPDcCTd2011-03-28iLF1l0o p26085-20r2020-06-25te. 2w2020-06-25yLFPDZNo se presta c25577d25577